|
|
|
|
| LEADER |
00000cam a22000004a 4500 |
| 001 |
musev2_471 |
| 003 |
MdBmJHUP |
| 005 |
20230905040100.0 |
| 006 |
m o d |
| 007 |
cr||||||||nn|n |
| 008 |
091102s2010 mdu o 00 0 eng d |
| 010 |
|
|
|z 2009043789
|
| 020 |
|
|
|a 9780801899140
|
| 020 |
|
|
|z 9781421424026
|
| 020 |
|
|
|z 9780801894909
|
| 035 |
|
|
|a (OCoLC)794700358
|
| 040 |
|
|
|a MdBmJHUP
|c MdBmJHUP
|
| 043 |
|
|
|a n-us---
|
| 050 |
0 |
4 |
|a H62.5.U5
|b S37 2010
|
| 082 |
0 |
|
|a 300.72
|2 22
|
| 100 |
1 |
|
|a Schrag, Zachary M.
|
| 245 |
1 |
0 |
|a Ethical Imperialism :
|b Institutional Review Boards and the Social Sciences, 1965-2009 /
|c Zachary M. Schrag.
|
| 264 |
|
1 |
|a Baltimore :
|b Johns Hopkins University Press,
|c 2010.
|
| 264 |
|
3 |
|a Baltimore, Md. :
|b Project MUSE,
|c 2012
|
| 264 |
|
4 |
|c ©2010.
|
| 300 |
|
|
|a 1 online resource (264 pages).
|
| 336 |
|
|
|a text
|b txt
|2 rdacontent
|
| 337 |
|
|
|a computer
|b c
|2 rdamedia
|
| 338 |
|
|
|a online resource
|b cr
|2 rdacarrier
|
| 504 |
|
|
|a Includes bibliographical references and index.
|
| 505 |
0 |
|
|a Ethics and committees -- The spread of institutional review -- The national commission -- The Belmont report -- The battle for social science -- Detente and crackdown -- The second battle for social science -- Accommodation or resistance?
|
| 588 |
|
|
|a Description based on print version record.
|
| 650 |
|
0 |
|a Privacy
|z United States
|x History.
|
| 650 |
|
0 |
|a Institutional review boards (Medicine)
|z United States
|x History.
|
| 650 |
|
0 |
|a Social sciences
|x Research
|x Moral and ethical aspects
|z United States.
|
| 655 |
|
7 |
|a Electronic books.
|2 local
|
| 710 |
2 |
|
|a Project Muse.
|e distributor
|
| 830 |
|
0 |
|a Book collections on Project MUSE.
|
| 856 |
4 |
0 |
|z Texto completo
|u https://projectmuse.uam.elogim.com/book/471/
|
| 945 |
|
|
|a Project MUSE - Custom Collection
|
| 945 |
|
|
|a Project MUSE - 2010 History
|
| 945 |
|
|
|a Project MUSE - 2010 Complete
|